[Event "DRUZYNOWE MISTRZOSTWA POLSKI JUNIOROW - II LIGA"]
[Site "Szczyrk, CKiR Orle Gniazdo ul. Wrzosowa 28a"]
[Date "2014-07-26"]
[Round "2.68"]
[White "Polek, Marek"]
[Black "Blaszczak, Jedrzej"]
[Result "0-1"]
[WhiteTitle "I"]
[BlackTitle "II"]
[WhiteElo "1756"]
[BlackElo "1569"]

1. e4 d6 2. d4 Nf6 3. Nc3 g6 4. f4 Bg7 5. Nf3 c5 6. dxc5 Qa5 7. Bd3 Qxc5 8. Qe2
O-O 9. h3 Nc6 10. Bd2 Nd4 11. Nxd4 Qxd4 12. Nb5 Qb6 13. Be3 Qa5+ 14. c3 a6 15.
Nd4 Nh5 16. Qf2 e5 17. Nb3 Qc7 18. fxe5 dxe5 19. O-O-O b5 20. Bb6 Qc6 21. Bc2
Qf6 22. Qc5 Be6 23. Kb1 Rfb8 24. Ba5 Bf8 25. Qe3 b4 26. Rhf1 Qg7 27. Nc5 bxc3
28. Bxc3 Bxc5 29. Qxc5 f6 30. Rf2 Rc8 31. Qb6 Qe7 32. Rd6 Bf7 33. Rfd2 Rab8 34.
Qa5 Qc7 35. Qxc7 Rxc7 36. Rxa6 Rxc3 0-1

[Event "DRUZYNOWE MISTRZOSTWA POLSKI JUNIOROW - II LIGA"]
[Site "Szczyrk, CKiR Orle Gniazdo ul. Wrzosowa 28a"]
[Date "2014-07-26"]
[Round "2.69"]
[White "Burzak, Wojciech"]
[Black "Flach, Rajmund"]
[Result "1-0"]
[WhiteTitle "II"]
[BlackTitle "II"]
[WhiteElo "1401"]
[BlackElo "1353"]

1. e4 c5 2. Nf3 Nc6 3. d4 cxd4 4. Nxd4 e5 5. Nb5 d6 6. N1c3 a6 7. Na3 b5 8. Nd5
Nge7 9. Bg5 h6 10. Bxe7 Bxe7 11. c3 O-O 12. Bd3 Be6 13. Nc2 Bg5 14. Nce3 Ne7 15.
O-O Bxe3 16. Nxe3 f5 17. exf5 Nxf5 18. Nxf5 Bxf5 19. Bxf5 Rxf5 20. Qd3 Rf6 21.
Rad1 Qc7 22. Qd5+ Kh7 23. Qxa8 Qb6 24. Qe4+ g6 25. Rd3 Rf4 26. Qd5 Rf6 27. Rf3
Kg7 28. Rxf6 Kxf6 29. Re1 b4 30. Re3 Ke7 31. cxb4 Qxb4 32. Qb3 Qa5 33. g3 Qb5
34. Qxb5 axb5 35. a3 Ke6 36. b3 d5 37. Rc3 d4 38. Rc1 d3 39. Kf1 Kd5 40. Ke1 Kd4
1-0

[Event "DRUZYNOWE MISTRZOSTWA POLSKI JUNIOROW - II LIGA"]
[Site "Szczyrk, CKiR Orle Gniazdo ul. Wrzosowa 28a"]
[Date "2014-07-26"]
[Round "2.71"]
[White "Kubicka, Anna"]
[Black "Jedrocha, Katarzyna"]
[Result "0-1"]
[WhiteTitle "I++"]
[BlackTitle "I+"]
[WhiteElo "1760"]
[BlackElo "1723"]

1. e4 e5 2. Bc4 Nf6 3. d3 Bc5 4. b4 Bxb4+ 5. c3 Be7 6. Nf3 d6 7. Nbd2 O-O 8. d4
Nc6 9. O-O Bg4 10. Qc2 Nd7 11. a4 Kh8 12. h3 Bh5 13. Bd3 exd4 14. Nxd4 Nde5 15.
f4 Nxd3 16. Qxd3 Nxd4 17. cxd4 f6 18. g4 Be8 19. Nf3 a6 20. Rf2 b5 21. a5 d5 22.
e5 c5 23. Be3 c4 24. Qc2 Qc7 25. exf6 Bxf6 26. Ne5 b4 27. Bd2 Rb8 28. Be1 Qa7
29. Rd1 Bh4 30. Rf1 Bxe1 31. Rfxe1 Rxf4 32. Qh2 Rf6 33. Qc2 b3 34. Qb2 Qc7 35.
Qc3 Kg8 36. Rd2 Bg6 37. Nxg6 hxg6 38. Re5 Qf7 39. Kg2 Rf8 40. Qe3 Rf3 41. Qe1
c3 42. Rde2 c2 43. Re7 Qf4 0-1

[Event "DRUZYNOWE MISTRZOSTWA POLSKI JUNIOROW - II LIGA"]
[Site "Szczyrk, CKiR Orle Gniazdo ul. Wrzosowa 28a"]
[Date "2014-07-26"]
[Round "2.72"]
[White "Furtak, Joanna"]
[Black "Gil, Oliwia"]
[Result "1-0"]
[WhiteTitle "I"]
[BlackTitle "II"]
[WhiteElo "1425"]
[BlackElo "1307"]

1. e4 e5 2. Nc3 Nf6 3. Bc4 Nc6 4. d3 Bb4 5. Bd2 O-O 6. Nf3 d6 7. Nd5 Bxd2+ 8. Qxd2
h6 9. c3 Na5 10. Nxf6+ Qxf6 11. Bb5 c6 12. Ba4 b5 13. Bc2 Be6 14. b4 Nb7 15. Bb3
a5 16. Bxe6 Qxe6 17. O-O axb4 18. cxb4 f5 19. Qc2 fxe4 20. dxe4 c5 21. a4 bxa4
22. Rxa4 Rxa4 23. Qxa4 cxb4 24. Qxb4 Nc5 25. Nd2 Qa2 26. f3 Ra8 27. Qc4+ Qxc4
28. Nxc4 Nb7 29. Rb1 Ra7 30. Rb6 Nd8 31. Rb8 Rd7 32. Nb6 Rb7 33. Rxd8+ Kh7 34.
Rxd6 1-0

[Event "DRUZYNOWE MISTRZOSTWA POLSKI JUNIOROW - II LIGA"]
[Site "Szczyrk, CKiR Orle Gniazdo ul. Wrzosowa 28a"]
[Date "2014-07-26"]
[Round "2.73"]
[White "Cieslak, Patrycjusz"]
[Black "Koitka, Jakub"]
[Result "0-1"]
[WhiteTitle "I"]
[BlackTitle "I+"]
[WhiteElo "1824"]
[BlackElo "1994"]

1. e4 c5 2. Nf3 Nc6 3. d4 cxd4 4. Nxd4 Nf6 5. Nc3 d6 6. g3 Bg4 7. Nxc6 bxc6 8.
f3 Be6 9. Be3 g6 10. Bg2 Bg7 11. O-O O-O 12. Qd2 Qc7 13. Rad1 Nd7 14. b3 Rfd8
15. h3 Rac8 16. f4 Nf6 17. Ne2 c5 18. c4 Bd7 19. g4 Bc6 20. Ng3 Qb7 21. Qc2 a5
22. g5 Nd7 23. h4 a4 24. h5 Ra8 25. hxg6 hxg6 26. Bd2 Bd4+ 27. Kh2 axb3 28. axb3
Ra3 29. Rb1 Rda8 30. Bc3 Ra2 31. Rb2 Rxb2 32. Qxb2 Bxc3 33. Qxc3 Rb8 34. Rb1 Nf8
35. Qe3 Ra8 36. Bf3 Ra2+ 37. Kg1 Ne6 38. Ne2 Qa8 39. Kf2 Nd4 40. Kg3 Nxf3 41.
Kxf3 Bxe4+ 42. Qxe4 Qxe4+ 43. Kxe4 Rxe2+ 44. Kd3 Ra2 45. b4 Ra3+ 46. Ke2 cxb4
47. Rxb4 Rc3 48. Rb8+ Kg7 49. Rc8 f6 50. Kf2 Kf7 51. Kg2 Ke6 52. Kf2 Kd7 53. gxf6
exf6 54. Rf8 Ke6 55. Rc8 Kf5 56. Rc6 Kxf4 57. Rxd6 Rc2+ 58. Kf1 Kg5 59. Rd5+ f5
0-1

[Event "DRUZYNOWE MISTRZOSTWA POLSKI JUNIOROW - II LIGA"]
[Site "Szczyrk, CKiR Orle Gniazdo ul. Wrzosowa 28a"]
[Date "2014-07-26"]
[Round "2.74"]
[White "Witczak, Jakub"]
[Black "Kucza, Jan"]
[Result "1-0"]
[WhiteTitle "I"]
[BlackTitle "II"]
[WhiteElo "1828"]
[BlackElo "1460"]

1. e4 c5 2. Nf3 Nc6 3. d4 cxd4 4. Nxd4 Nf6 5. Nc3 e6 6. Ndb5 Bb4 7. a3 Bxc3+ 8.
Nxc3 d5 9. exd5 exd5 10. Bd3 O-O 11. O-O Bg4 12. f3 d4 13. Ne2 Bh5 14. Bg5 Qd6
15. Qd2 Bg6 16. Rad1 Rad8 17. Ng3 Bxd3 18. Qxd3 Ne5 19. Qf5 Nc4 20. b3 Nxa3 21.
Nh5 Nxh5 22. Bxd8 Rxd8 23. Qxh5 Nxc2 24. Rd3 Nb4 25. Rd2 d3 26. Rfd1 Qd4+ 27.
Kh1 Rd5 28. Re1 g6 29. Qg4 Qc3 30. Qf4 Rf5 31. Qe3 Nd5 32. Qxd3 Qxd3 33. Rxd3
Nf4 34. Rd8+ Kg7 35. Rd7 Rb5 36. g3 Nd5 37. Re5 Nc3 38. Rxb5 Nxb5 39. Rxb7 Nd4
40. Kg2 a5 41. Kf2 Kf6 42. Ke3 Nc2+ 43. Ke4 Ke6 44. Rb5 f5+ 45. Kd3 Nb4+ 46. Kc4
Nc6 47. Kc5 Ne5 48. f4 Ng4 49. Rxa5 Nxh2 50. Ra6+ Kf7 51. Ra7+ Kg8 52. b4 Nf1
53. Ra3 Nd2 54. b5 Ne4+ 55. Kc6 Kg7 56. b6 Kh6 57. b7 Kh5 58. b8=Q h6 59. Qe8
Nf6 60. Qe2+ Ng4 61. Kb7 1-0

[Event "DRUZYNOWE MISTRZOSTWA POLSKI JUNIOROW - II LIGA"]
[Site "Szczyrk, CKiR Orle Gniazdo ul. Wrzosowa 28a"]
[Date "2014-07-26"]
[Round "2.75"]
[White "Klementowski, Dawid"]
[Black "Czechowski, Jakub"]
[Result "1-0"]
[WhiteTitle "I"]
[BlackTitle "II"]
[WhiteElo "1659"]
[BlackElo "1356"]

1. e4 e5 2. d4 exd4 3. Nf3 Nc6 4. Bc4 Nf6 5. O-O Nxe4 6. Re1 d5 7. Bxd5 Qxd5 8.
Nc3 Qh5 9. Nxe4 Be6 10. Bg5 Bb4 11. Nxd4 Qxd1 12. Rexd1 Nxd4 13. Rxd4 Be7 14.
Re1 Rd8 15. Rxd8+ Kxd8 16. Bxe7+ Kxe7 17. Nc5 Rd8 18. f4 Rd5 19. Nxe6 fxe6 20.
Kf2 Kf6 21. Kf3 Rd2 22. Re2 Rxe2 23. Kxe2 e5 24. Kf3 exf4 25. Kxf4 g5+ 26. Ke4
h5 27. c4 a5 28. b3 c6 29. c5 Ke6 30. g3 g4 31. a3 Kf6 32. Kf4 Kg6 33. Ke5 Kg5
34. Kd6 Kf5 35. Kc7 Ke4 36. Kxb7 Kf3 37. Kxc6 Kg2 38. Kd5 Kxh2 39. c6 h4 40. c7
h3 41. c8=Q Kxg3 42. Qc1 Kf2 43. Qh1 1-0

[Event "DRUZYNOWE MISTRZOSTWA POLSKI JUNIOROW - II LIGA"]
[Site "Szczyrk, CKiR Orle Gniazdo ul. Wrzosowa 28a"]
[Date "2014-07-26"]
[Round "2.78"]
[White "Zalucka, Emilia"]
[Black "Zniszczol, Wiktoria"]
[Result "1/2-1/2"]
[WhiteTitle "II"]
[BlackTitle "II"]
[WhiteElo "1159"]
[BlackElo "1028"]

1. e4 e5 2. Nf3 Nc6 3. Bb5 a6 4. Ba4 Nf6 5. O-O d5 6. Nxe5 Bd7 7. Nxd7 Qxd7 8.
exd5 Nxd5 9. Re1+ Be7 10. Nc3 b5 11. Bb3 Nxc3 12. dxc3 Rd8 13. Qxd7+ Rxd7 14.
Bf4 O-O 15. Rad1 Rfd8 16. Rxd7 Rxd7 17. g3 h6 18. a4 Bg5 19. Re8+ Kh7 20. Bxg5
hxg5 21. axb5 axb5 22. c4 bxc4 23. Bxc4 f6 24. Bd3+ g6 25. Bb5 Rd1+ 26. Kg2 Ne5
27. Re7+ Kg8 28. Rxc7 g4 29. h3 f5 30. hxg4 fxg4 31. Be2 Re1 32. Bf1 Nf3 33. Rc4
Ne5 34. Rc8+ Kg7 35. b4 Nf3 36. b5 Re5 37. b6 Rh5 38. Ba6 Ra5 39. Rc7+ Kh6 40.
b7 Ra1 41. Bf1 Rb1 42. c4 Ne1+ 43. Kg1 Nf3+ 44. Kg2 Ne1+ 45. Kh1 Nf3 46. Kg2 Ne1+
47. Kh2 Nf3+ 48. Kg2 1/2-1/2

[Event "DRUZYNOWE MISTRZOSTWA POLSKI JUNIOROW - II LIGA"]
[Site "Szczyrk, CKiR Orle Gniazdo ul. Wrzosowa 28a"]
[Date "2014-07-26"]
[Round "2.79"]
[White "Czerw, Dawid"]
[Black "Rudecki, Bartosz"]
[Result "1/2-1/2"]
[WhiteTitle "I++"]
[BlackTitle "II+"]
[WhiteElo "1993"]
[BlackElo "1578"]

1. e4 e5 2. Nf3 Nc6 3. Bb5 f5 4. d3 fxe4 5. dxe4 Bc5 6. Qd5 d6 7. Bg5 Nf6 8. Bxf6
gxf6 9. Nc3 Bd7 10. Ne2 Qe7 11. c3 a6 12. Ba4 O-O-O 13. Ng3 Rhg8 14. Rf1 Be6 15.
Qd2 d5 16. Qe2 Na7 17. Bb3 d4 18. O-O-O dxc3 19. bxc3 Bxb3 20. axb3 Nb5 21. Kb2
Bxf2 22. Rxd8+ Rxd8 23. b4 Bxg3 24. hxg3 Qg7 25. Rh1 Qg6 26. Rh3 Nd6 27. Nd2 Kb8
28. g4 Nf7 29. Nc4 Ng5 30. Re3 Ne6 31. g3 Rg8 32. Qf3 Ng5 33. Qe2 Rd8 34. Na5
Nf7 35. Nb3 Nd6 36. c4 Qf7 37. Rc3 b5 38. Na5 Nxc4+ 39. Nxc4 bxc4 40. Qxc4 Qxc4
41. Rxc4 h6 42. Rc2 Rd4 43. Kc3 Rxe4 44. Rf2 Rxg4 45. Rxf6 Rxg3+ 46. Kc4 Kb7 47.
Rxh6 Rg1 48. Re6 Re1 49. Kc3 c6 50. Kd2 Re4 51. Kd3 Rxb4 52. Rxe5 Kb6 53. Kc3
c5 54. Re6+ Kb5 55. Re8 a5 56. Rb8+ Ka4 57. Rc8 Rb1 58. Kc2 Rb5 59. Kc3 Ka3 60.
Ra8 a4 61. Kc4 Rb4+ 62. Kc3 Rg4 63. Rb8 Rg3+ 64. Kc2 Rb3 65. Rc8 Kb4 66. Rb8+
Kc4 67. Ra8 Rb4 68. Ra7 Kb5 69. Rb7+ Ka6 70. Rc7 a3 71. Rc8 Kb5 72. Rb8+ Kc4 73.
Ra8 Rb2+ 74. Kc1 Kb3 75. Rb8+ Kc3 76. Ra8 Rb3 77. Ra7 c4 78. Ra8 Kd4 79. Rd8+
Ke4 80. Re8+ Kd3 81. Ra8 Rc3+ 82. Kd1 Rc2 83. Rxa3+ c3 84. Ra8 1/2-1/2

[Event "DRUZYNOWE MISTRZOSTWA POLSKI JUNIOROW - II LIGA"]
[Site "Szczyrk, CKiR Orle Gniazdo ul. Wrzosowa 28a"]
[Date "2014-07-26"]
[Round "2.80"]
[White "Gajewski, Marcin"]
[Black "Drozniak, Stanislaw"]
[Result "1-0"]
[WhiteTitle "II"]
[BlackTitle "II+"]
[WhiteElo "1415"]
[BlackElo "1579"]

1. Nf3 Nf6 2. g3 g6 3. Bg2 Bg7 4. O-O O-O 5. d3 c5 6. Nbd2 Nc6 7. e4 d5 8. Nh4
dxe4 9. dxe4 Qc7 10. c3 Rd8 11. Qe2 Ne5 12. f4 Nd3 13. Nhf3 c4 14. Nd4 e5 15.
fxe5 Ng4 16. e6 Bxd4+ 17. cxd4 Bxe6 18. Nf3 Qb6 19. h3 Nf6 20. Bg5 Nh5 21. Kh2
f6 22. Be3 Qxb2 23. Nd2 Qc2 24. Qf3 c3 25. g4 Ng7 26. Nb3 Bxb3 27. axb3 Rf8 28.
Bh6 a6 29. Rad1 Nb4 30. e5 Rf7 31. Bxg7 Kxg7 32. e6 Rc7 33. Qxf6+ Kg8 34. e7 Rcc8
35. Qf7+ Kh8 36. Qf8+ Rxf8 37. Rxf8+ Kg7 38. Rxa8 Qxd1 39. e8=Q Kh6 40. Qe3+ 1-0

[Event "DRUZYNOWE MISTRZOSTWA POLSKI JUNIOROW - II LIGA"]
[Site "Szczyrk, CKiR Orle Gniazdo ul. Wrzosowa 28a"]
[Date "2014-07-26"]
[Round "2.81"]
[White "Koloczek, Maciej"]
[Black "Gworys, Grzegorz"]
[Result "1-0"]
[WhiteTitle "II"]
[BlackTitle "II"]
[WhiteElo "1461"]
[BlackElo "1391"]

1. e4 c5 2. Nf3 Nc6 3. d4 cxd4 4. Nxd4 g6 5. Nc3 Bg7 6. Be3 a6 7. Qd2 d6 8. Bc4
Bd7 9. f3 Rb8 10. O-O-O b5 11. Nxc6 Bxc6 12. Bd5 Qc7 13. h4 b4 14. Bxc6+ Qxc6
15. Nd5 a5 16. h5 b3 17. axb3 Rxb3 18. Bd4 Bh6 19. f4 e5 20. Be3 exf4 21. Bxf4
Bxf4 22. Qxf4 Rb8 23. e5 Qb7 24. b3 Rc8 25. Qa4+ Qc6 26. Qe4 Kd7 27. exd6 f5 28.
Nf6+ Kd8 29. Qe8+ Qxe8 30. Nxe8 Kd7 31. hxg6 Rxe8 32. g7 Nf6 33. gxh8=Q Rxh8 34.
Rhe1 Ne4 35. g4 Nxd6 36. gxf5 Rf8 37. Re6 Rxf5 38. Rexd6+ Ke8 1-0

[Event "DRUZYNOWE MISTRZOSTWA POLSKI JUNIOROW - II LIGA"]
[Site "Szczyrk, CKiR Orle Gniazdo ul. Wrzosowa 28a"]
[Date "2014-07-26"]
[Round "2.82"]
[White "Gondro, Kacper"]
[Black "Galuszka, Tomasz"]
[Result "1-0"]
[WhiteTitle "II"]
[BlackTitle "III"]
[WhiteElo "1514"]
[BlackElo "1344"]

1. e4 c6 2. d3 d5 3. Nd2 e5 4. Ngf3 Bg4 5. Qe2 Bc5 6. g3 Nd7 7. Bg2 Ngf6 8. O-O
O-O 9. Rd1 d4 10. a4 Qc7 11. Nc4 b5 12. axb5 cxb5 13. Ncd2 Bb6 14. h3 Bxf3 15.
Nxf3 Rac8 16. Ne1 h6 17. f4 exf4 18. Bxf4 Qc5 19. b4 Qe7 20. e5 Rfe8 21. Qd2 Nxe5
22. Nf3 Nxf3+ 23. Bxf3 Qd7 24. g4 g5 25. Bxg5 Nd5 26. Bxd5 Qxd5 27. Bxh6 f6 28.
Rf1 Rc6 29. Rf5 Qf7 30. Raf1 Qg6 31. Rxb5 Rce6 32. Qf4 Bc7 33. Qxc7 Qxh6 34. Rh5
Qg6 35. Qxa7 Re2 36. Qxd4 R2e6 37. c4 Qf7 38. b5 Qc7 39. Qd5 Qg3+ 40. Kh1 Kg7
41. Qf3 Qd6 42. Qf5 Rh8 43. Rxh8 Kxh8 44. c5 Qg3 45. g5 Re2 46. Qxf6+ Kg8 47.
Qf7+ Kh8 48. Qh5+ Kg8 49. Qg6+ Kh8 50. Rf8# 1-0

[Event "DRUZYNOWE MISTRZOSTWA POLSKI JUNIOROW - II LIGA"]
[Site "Szczyrk, CKiR Orle Gniazdo ul. Wrzosowa 28a"]
[Date "2014-07-26"]
[Round "2.83"]
[White "Kordela, Monika"]
[Black "Mielczarek, Joanna"]
[Result "0-1"]
[WhiteTitle "II"]
[BlackTitle "I"]
[WhiteElo "1342"]
[BlackElo "1562"]

1. d4 Nf6 2. c4 g6 3. Nc3 Bg7 4. e4 d6 5. f3 Nbd7 6. Be3 O-O 7. Nge2 c5 8. Qd2
a6 9. g4 cxd4 10. Nxd4 Ne5 11. Be2 Nc6 12. O-O-O Nd7 13. h4 Nxd4 14. Bxd4 Bxd4
15. Qxd4 h6 16. Qe3 Kg7 17. f4 b5 18. h5 Qb6 19. Qd2 Bb7 20. hxg6 fxg6 21. f5
g5 22. Qd4+ Qxd4 23. Rxd4 b4 24. Nd5 Bxd5 25. cxd5 Rfc8+ 26. Kd2 a5 27. Rc4 Nc5
28. Ke3 Na4 29. Rb1 Rxc4 30. Bxc4 Rc8 31. Kd4 Kf6 32. a3 Nc5 33. Re1 Na4 34. Rb1
Rb8 35. axb4 Rxb4 36. b3 Nc5 37. Ke3 a4 38. Bd3 Nxd3 39. Kxd3 Rxb3+ 40. Rxb3 axb3
41. Kc3 Ke5 42. Kxb3 Kxe4 43. Kc3 Kxd5 44. Kd3 Ke5 45. Ke3 d5 0-1

[Event "DRUZYNOWE MISTRZOSTWA POLSKI JUNIOROW - II LIGA"]
[Site "Szczyrk, CKiR Orle Gniazdo ul. Wrzosowa 28a"]
[Date "2014-07-26"]
[Round "2.85"]
[White "Pajdzik, Kamil"]
[Black "Gladysz, Jakub"]
[Result "0-1"]
[WhiteTitle "II"]
[BlackTitle "I"]
[WhiteElo "1525"]
[BlackElo "1789"]

1. e4 c5 2. Nf3 e6 3. d4 cxd4 4. Nxd4 a6 5. Bd3 d6 6. Nc3 Nf6 7. O-O Nbd7 8. Qe2
Qc7 9. Kh1 b5 10. a3 Bb7 11. Be3 d5 12. exd5 Nxd5 13. Nxd5 Bxd5 14. Rad1 Bd6 15.
h3 O-O 16. Bxb5 Qb7 17. Bxd7 Bxg2+ 18. Kg1 Bxf1 19. Qxf1 Qxd7 20. Qg2 Be5 21.
Rd2 Qc7 22. c3 Bf4 23. Re2 Rad8 24. Bxf4 Qxf4 25. f3 e5 26. Re4 Qc1+ 27. Kh2 exd4
28. Rg4 g6 29. h4 dxc3 30. Kh3 Rd2 0-1

[Event "DRUZYNOWE MISTRZOSTWA POLSKI JUNIOROW - II LIGA"]
[Site "Szczyrk, CKiR Orle Gniazdo ul. Wrzosowa 28a"]
[Date "2014-07-26"]
[Round "2.86"]
[White "Wilk, Tomasz"]
[Black "Piwowarczyk, Arkadiusz"]
[Result "1-0"]
[WhiteTitle "I"]
[BlackTitle "II"]
[WhiteElo "1767"]
[BlackElo "1419"]

1. d4 d5 2. c4 c6 3. Nf3 Bf5 4. Qb3 Qc7 5. cxd5 cxd5 6. Nc3 e6 7. Bf4 Bd6 8. Bxd6
Qxd6 9. Ne5 Nd7 10. Nxd7 Qxd7 11. e4 Ne7 12. exf5 O-O 13. Bd3 exf5 14. O-O f4
15. Qd1 a6 16. Qf3 Qd6 17. h3 Rad8 18. Ne2 Nc6 19. Qxf4 Qxf4 20. Nxf4 Nxd4 21.
Rfd1 Nc6 22. Nxd5 Kh8 23. Nc3 g6 24. Be4 Ne5 25. b3 b6 26. f4 Nd7 27. Rd6 Nc5
28. Rxb6 Rfe8 29. Bf3 Re3 30. Nd5 Rde8 31. Nxe3 Rxe3 32. Rd1 Nd3 33. Rxd3 Rxd3
34. Rxa6 Rd4 35. Rb6 Rxf4 1-0

[Event "DRUZYNOWE MISTRZOSTWA POLSKI JUNIOROW - II LIGA"]
[Site "Szczyrk, CKiR Orle Gniazdo ul. Wrzosowa 28a"]
[Date "2014-07-26"]
[Round "2.87"]
[White "Brozyna, Mateusz"]
[Black "Zak, Piotr"]
[Result "1-0"]
[WhiteTitle "II"]
[BlackTitle "II"]
[WhiteElo "1471"]
[BlackElo "1328"]

1. e4 e5 2. Nf3 Nc6 3. Bb5 d6 4. d4 Bd7 5. dxe5 Nxe5 6. Bxd7+ Qxd7 7. Nxe5 dxe5
8. Qxd7+ Kxd7 9. O-O Rd8 10. Be3 a6 11. Nc3 Ne7 12. f3 Kc8 13. Rad1 Nc6 14. Rxd8+
Nxd8 15. Rd1 Ne6 16. Kf2 Bd6 17. a3 f6 18. b4 b6 19. Bxb6 Bxb4 20. axb4 cxb6 21.
Rd6 Nd4 22. Rxb6 Nxc2 23. Rxa6 Kb7 24. Ra2 Nd4 25. Rd2 Rc8 26. Ne2 Rc2 27. Ke3
Rxd2 28. Kxd2 Ne6 29. Kd3 Kc6 30. Kc4 h6 31. b5+ Kb6 32. Nc3 Nc7 33. Nd5+ Kb7
34. Nxc7 Kxc7 35. Kc5 g6 36. Kd5 h5 37. Ke6 Kb6 38. Kxf6 1-0

[Event "DRUZYNOWE MISTRZOSTWA POLSKI JUNIOROW - II LIGA"]
[Site "Szczyrk, CKiR Orle Gniazdo ul. Wrzosowa 28a"]
[Date "2014-07-26"]
[Round "2.89"]
[White "Jarocka, Liwia"]
[Black "Kozubal, Aleksandra"]
[Result "1/2-1/2"]
[WhiteTitle "I"]
[BlackTitle "I+"]
[WhiteElo "1325"]
[BlackElo "1576"]

1. e4 c5 2. Nf3 Nc6 3. d4 cxd4 4. Nxd4 e6 5. Nb5 d6 6. Bf4 e5 7. Be3 Nf6 8. N1c3
Be6 9. Nd5 Bxd5 10. exd5 Ne7 11. c4 a6 12. Nc3 Ng6 13. b4 Rc8 14. Na4 Be7 15.
Nb6 Rc7 16. Na4 Rc8 17. Nb6 Rc7 18. Na4 Rc8 19. Nb6 Rc7 20. Na4 Rc8 1/2-1/2

[Event "DRUZYNOWE MISTRZOSTWA POLSKI JUNIOROW - II LIGA"]
[Site "Szczyrk, CKiR Orle Gniazdo ul. Wrzosowa 28a"]
[Date "2014-07-26"]
[Round "2.91"]
[White "Drabek, Jan"]
[Black "Kosior, Jan"]
[Result "1-0"]
[WhiteTitle "I"]
[BlackTitle "II"]
[WhiteElo "1632"]
[BlackElo "1424"]

1. e4 c5 2. Nf3 Nc6 3. d4 cxd4 4. Nxd4 e6 5. Be3 Be7 6. Nc3 a6 7. Bd3 Qc7 8. O-O
Nf6 9. Kh1 O-O 10. f4 d6 11. Qf3 b5 12. e5 Bb7 13. Nxc6 Bxc6 14. Qh3 h6 15. exf6
Bxf6 16. f5 exf5 17. Qxf5 Rfe8 18. Rae1 Rad8 19. Qh7+ Kf8 20. Qh8+ Ke7 21. Bb6+
Kd7 22. Bf5+ Re6 23. Qxd8+ Bxd8 24. Bxc7 Bxc7 25. Bxe6+ fxe6 26. Rf7+ Ke8 27.
Rxc7 Bxg2+ 28. Kxg2 1-0

[Event "DRUZYNOWE MISTRZOSTWA POLSKI JUNIOROW - II LIGA"]
[Site "Szczyrk, CKiR Orle Gniazdo ul. Wrzosowa 28a"]
[Date "2014-07-26"]
[Round "2.92"]
[White "Wierzba, Maksymilian"]
[Black "Mrozowski, Patryk"]
[Result "0-1"]
[WhiteTitle "II"]
[BlackTitle "I"]
[WhiteElo "1463"]
[BlackElo "1795"]

1. f4 d5 2. Nf3 c5 3. g3 Nc6 4. Bg2 Nf6 5. e3 h5 6. d3 Qc7 7. Qe2 e5 8. e4 d4 9.
fxe5 Nxe5 10. Nxe5 Qxe5 11. Bf4 Qe6 12. Nd2 Nd7 13. Nf3 Be7 14. h4 Qb6 15. c3
Nf6 16. cxd4 cxd4 17. a3 Ng4 18. Bh3 O-O 19. Bxg4 Bxg4 20. O-O Rac8 21. Rab1 Rfd8
22. Qf2 Qb3 23. Nxd4 Rxd4 24. Be5 Rxd3 0-1

[Event "DRUZYNOWE MISTRZOSTWA POLSKI JUNIOROW - II LIGA"]
[Site "Szczyrk, CKiR Orle Gniazdo ul. Wrzosowa 28a"]
[Date "2014-07-26"]
[Round "2.93"]
[White "Chodorowski, Adrian"]
[Black "Sloniewski, Kacper"]
[Result "1-0"]
[WhiteTitle "II"]
[BlackTitle "II"]
[WhiteElo "1363"]
[BlackElo "1093"]

1. c4 g6 2. Nc3 Bg7 3. g3 d6 4. Bg2 c5 5. Nf3 Nf6 6. O-O O-O 7. d3 Nc6 8. Be3 Qb6
9. Qc1 Rd8 10. Rb1 Bf5 11. Bh6 Bh8 12. Nh4 Be6 13. a3 Nd4 14. e3 Nc6 15. h3 d5
16. cxd5 Nxd5 17. e4 Nxc3 18. bxc3 Qa6 19. Nf5 Rxd3 20. Qf4 Be5 21. Qg4 Rxc3 22.
Rfd1 Qxa3 23. Ra1 Qb4 24. Rdb1 Bxf5 25. exf5 Qxg4 26. hxg4 Bd4 27. Rxb7 Rxg3 28.
Rd1 Rxg4 29. Kf1 Rc8 30. Bxc6 Rh4 31. Bg5 Rh5 1-0

[Event "DRUZYNOWE MISTRZOSTWA POLSKI JUNIOROW - II LIGA"]
[Site "Szczyrk, CKiR Orle Gniazdo ul. Wrzosowa 28a"]
[Date "2014-07-26"]
[Round "2.94"]
[White "Szczapa, Piotr"]
[Black "Jaszczuk, Mateusz"]
[Result "0-1"]
[WhiteTitle "II"]
[BlackTitle "II"]
[WhiteElo "1170"]
[BlackElo "1426"]

1. e4 c5 2. Nc3 Nc6 3. g3 g6 4. Bg2 Bg7 5. d3 d6 6. Be3 Nf6 7. h3 O-O 8. Qd2 a6
9. Nge2 Rb8 10. O-O b5 11. f4 Bb7 12. g4 Qc7 13. f5 b4 14. Nd1 a5 15. Ng3 Qd8
16. Bh6 Re8 17. Nh5 Bh8 18. Qf4 Ne5 19. Ng3 Qb6 20. Ne2 Ba6 21. Ne3 c4 22. d4
c3 23. dxe5 Bxe2 24. Rf2 dxe5 25. Qg5 Nxe4 26. Qh4 Nxf2 27. Qxf2 cxb2 28. Rb1
Ba6 29. Bd5 Bg7 30. fxg6 Qxg6 31. Bxg7 Qxg7 32. Nf5 Qf6 33. Bb3 e6 34. Nd6 Qxf2+
35. Kxf2 Red8 36. Ne4 Bb5 37. c3 a4 38. Bd1 Bd3 39. Rxb2 Bxe4 40. cxb4 Rxd1 41.
a3 Bd5 42. b5 Ra1 43. b6 Rxa3 44. h4 Ra2 45. Rxa2 Bxa2 46. Ke3 Rxb6 47. Ke4 Rb4+
48. Kxe5 Bd5 49. Kf6 Rxg4 50. Ke5 Rxh4 51. Kf6 e5 52. Kxe5 f6+ 53. Kxd5 f5 54.
Ke5 a3 55. Kxf5 Rc4 56. Kg5 h5 57. Kxh5 a2 58. Kg5 a1=R 59. Kh5 Rg1 60. Kh6 Rh4#
0-1

[Event "DRUZYNOWE MISTRZOSTWA POLSKI JUNIOROW - II LIGA"]
[Site "Szczyrk, CKiR Orle Gniazdo ul. Wrzosowa 28a"]
[Date "2014-07-26"]
[Round "2.95"]
[White "Krzysztynska, Anna"]
[Black "Dabrowska, Aleksandra"]
[Result "1-0"]
[WhiteTitle "I"]
[BlackTitle "II"]
[WhiteElo "1411"]
[BlackElo "1372"]

1. e4 e5 2. Nc3 Nc6 3. Bc4 Bc5 4. Nf3 Nf6 5. d3 h6 6. Be3 Bb6 7. Qd2 d6 8. h3 Na5
9. Bb3 Nxb3 10. axb3 c6 11. O-O Bd7 12. Kh1 g5 13. Nh2 Nh5 14. Bxb6 Qxb6 15. Ne2
Qd8 16. d4 Ng7 17. dxe5 dxe5 18. Rad1 Qe7 19. Qd6 Qxd6 20. Rxd6 h5 21. Rfd1 O-O-O
22. R6d3 Ne6 23. b4 Nc7 24. Nf1 Ne8 25. Ne3 Ng7 26. Nc4 Be6 27. Nxe5 Rde8 28.
Nf3 g4 29. Nfd4 gxh3 30. g3 h4 31. Nf4 hxg3 32. Rxg3 Nh5 33. Nxh5 Rxh5 34. b3
Bd7 35. f3 Kc7 36. Kh2 Kb6 37. c4 c5 38. Ne2 Bc8 39. Nf4 Rhe5 40. Nd5+ Kc6 41.
b5+ Kd7 42. Nf6+ Ke7 43. Nxe8 Kxe8 44. Rg8+ 1-0

[Event "DRUZYNOWE MISTRZOSTWA POLSKI JUNIOROW - II LIGA"]
[Site "Szczyrk, CKiR Orle Gniazdo ul. Wrzosowa 28a"]
[Date "2014-07-26"]
[Round "2.96"]
[White "Kaczmarska, Joanna"]
[Black "Winter, Anna"]
[Result "1-0"]
[WhiteTitle "I++"]
[BlackTitle "II+"]
[WhiteElo "1717"]
[BlackElo "1340"]

1. d4 d5 2. c4 dxc4 3. e4 Nf6 4. Nc3 e6 5. Bxc4 c5 6. d5 exd5 7. Nxd5 Nxd5 8. Bxd5
Be7 9. Qb3 Qc7 10. Bxf7+ Kf8 11. Ne2 Nc6 12. Bd5 Bd7 13. O-O Bf6 14. f4 Rd8 15.
h3 b6 16. e5 Be7 17. Qf3 Be8 18. a3 h6 19. Be3 Qc8 20. Rac1 Qd7 21. Rfd1 Nb8 22.
f5 a6 23. f6 gxf6 24. exf6 Bd6 25. f7 Bxf7 26. Qf6 Rh7 27. Be4 Rg7 28. Bxh6 a5
29. Qxg7+ Ke8 30. Qh8+ Ke7 31. Bg5+ Ke6 32. Qf6# 1-0

[Event "DRUZYNOWE MISTRZOSTWA POLSKI JUNIOROW - II LIGA"]
[Site "Szczyrk, CKiR Orle Gniazdo ul. Wrzosowa 28a"]
[Date "2014-07-26"]
[Round "2.97"]
[White "Chmielarz, Maciej"]
[Black "Niedbala, Wojciech"]
[Result "0-1"]
[WhiteTitle "I"]
[BlackTitle "I"]
[WhiteElo "1862"]
[BlackElo "1851"]

1. d4 Nf6 2. c4 g6 3. Nc3 d5 4. cxd5 Nxd5 5. e4 Nxc3 6. bxc3 Bg7 7. Be3 c5 8. Bc4
O-O 9. Qd2 Nc6 10. Ne2 e6 11. O-O b6 12. f4 cxd4 13. cxd4 Bb7 14. f5 Na5 15. Bd3
exf5 16. exf5 Rc8 17. fxg6 hxg6 18. Bg5 Qd5 19. Rf2 Nc6 20. Raf1 Nxd4 21. Ng3
Ne6 22. Be7 Bd4 23. Be4 Bxf2+ 24. Qxf2 Qd7 25. Bxb7 Qxb7 26. Bxf8 Rxf8 27. Re1
Nc5 28. Nh5 gxh5 29. Qg3+ Kh8 30. Qg5 Qc6 31. Qxh5+ Kg8 32. Re3 Ne6 33. Qg4+ Ng7
34. Rg3 Qc1+ 35. Kf2 Qb2+ 36. Kf1 Re8 37. Qd1 Rc8 38. Rb3 Qc1 39. Qxc1 Rxc1+ 40.
Kf2 Rc2+ 41. Kf3 Rxa2 42. h4 Ne6 43. Rb4 b5 44. h5 Ra4 45. Rb2 b4 46. g4 b3 47.
Kg3 Rb4 48. Kh4 a5 49. h6 a4 0-1